000 01103nam a22003497a 4500
003 CHAP
005 20220329143722.0
008 110405s1990 mx a r 00010 spa d
010 _a100860
011 _a101832
020 _a9686177310
035 _a112520
040 _cCHAP
082 0 4 _a581.6340972
_bL95
100 1 _aLozoya, Xavier
_968829
245 1 4 _aLos señores de las plantas :
_bherbolaria y medicina en Mesoamérica
_c/por Xavier Lozoya
260 _aMéxico, D.F. :
_bPangea :
_bCONACULTA,
_c1990
300 _a58 p. :
_bilus.
490 _aLos señores
590 _aBATCH-UPD
_b10
_c20130110
_lUCH01
_h1137
590 _aBATCH-UPD
_b10
_c20130410
_lUCH01
_h0724
590 _aBATCH-UPD
_b10
_c20130914
_lUCH01
_h0744
590 _aCONVERSION
_b10
_c20130109
_lUCH01
_h1356
650 1 4 _aBotánica médica.
_914680
650 1 4 _aMedicina alternativa.
_973914
650 1 4 _aMedicina tradicional.
_973921
830 0 _aLos señores
_968577
901 _aBK
911 _aen proceso
942 _cLIBRO
949 _a581.6340972 L95
_bBC
_cLIBRO
_d33724002237033
_eLIBRO
_h114610
_i112520
_sb
999 _c100860
_d100860